Football Quiz / Real Madrid Edition - Statistics

General Stats
  • This quiz has been taken 275 times
  • The average score is 9 of 15
Answer Stats
Question Answer % Correct
How many Champions Leagues have Real Madrid Won? 14
89%
When did Real Madrid last win the champions league? 2022
89%
Who is the top scorer for Real Madrid? Cristiano Ronaldo
88%
Which one is R9 last name? Nazario
88%
Which year did Cristiano Ronaldo join Real Madrid? 2009
84%
Which 3 Goalkeepers have played for Real Madrid? Areola, Navas, Casillas
77%
How many Brazilian players are in the 2023 starting line up? 3
67%
What league does Real Madrid play in? LaLiga Santander
63%
What were the 3 other clubs in the 2022 champions league group with Real Madrid? Shaktar, Sheriff, Inter Milan
51%
Who did Cristiano Ronaldo play against when he did the first version of the Siu? Chelsea
47%
How many goals did Cristiano Ronaldo Score for Real Madrid? 450
42%
What position does Karim Benzema play? CF
42%
Which player has the most assists for Real Madrid? Karim Benzema
40%
When was the first year that Real Madrid won the champions league? 1956
35%
How many caps does Luka Modric have while playing for Real Madrid? 322
12%
No matching quizzes found
Score Distribution
Percent of People with Each Score
Percentile by Number Answered
Your Score History
You have not taken this quiz